Darien Lake Thrill Rides Quiz Stats

 Plays Quiz not verified by Sporcle

Challenge
Share
Tweet
Embed
Score 0/19 Timer 08:00
0 Plays Today
% Correct
Viper
96.2%
Ride of Steel
92.3%
Predator
84.6%
Boomerang
80.8%
Mind Eraser
76.9%
Motocoaster
73.1%
Twister
69.2%
Silver Bullet
65.4%
Pirate
65.4%
Blast Off
65.4%
% Correct
Ranger
61.5%
Slingshot
57.7%
UFO
57.7%
Giant Wheel
57.7%
Haymaker
57.7%
Sleighride
57.7%
Lasso
53.8%
Corn Popper
50%
Skycoaster
46.2%

You're not logged in!

Compare scores with friends on all Sporcle quizzes.
OR
Log In

You Might Also Like...

Show Comments

Extras

Created Sep 21, 2012ReportNominate
Tags:Topography Quiz, lake, ride, thrill

Top Quizzes Today


Score Distribution

Your Account Isn't Verified!

In order to create a playlist on Sporcle, you need to verify the email address you used during registration. Go to your Sporcle Settings to finish the process.

Report this User

Report this user for behavior that violates our Community Guidelines.

Details: